Biología

Uloženo v:
Podrobná bibliografie
Hlavní autor: Weisz, Paul B
Médium: Kniha
Jazyk:angličtina
Vydáno: Barcelona Omega 1959
Témata:
Tagy: Přidat tag
Žádné tagy, Buďte první, kdo vytvoří štítek k tomuto záznamu!

MARC

LEADER 00000nam a2200000 a 4500
001 UCL4695
003 CL-VaPUC
005 20250226161923.0
008 040123e19590000SP |||||||||||||||||eng|d
999 |c 307487  |d 307485 
040 |c Pontificia Universidad Católica de Valparaíso 
082 0 4 |a 570 WEI 1959  |2 21 
100 0 |a Weisz, Paul B  |9 482334 
245 1 0 |a Biología 
260 |a Barcelona  |b Omega  |c 1959 
300 |a 696 páginas 
583 |a last modification  |c 20040123 00:00:00  |k Rodrigo Vera 
650 0 |a Biología  |9 262022 
650 0 |a Seres vivos  |9 357459 
942 |c BK  |2 ddc 
945 |d 20040123 00:00:00  |a cmena 
952 |0 0  |1 0  |2 ddc  |4 0  |6 570_000000000000000_WEI_1959  |7 0  |8 A  |9 373461  |a BIBCUR  |b BIBCUR  |d 2019-11-21  |i 2110415  |o 570 WEI 1959  |p 2110415  |r 2025-04-22  |t 1  |w 2019-11-21  |y BK  |k BIO